Liège : les 7 collégiales (images) - Statistiques

Statistiques générales
  • Ce quiz a été pris 27 fois
  • Le résultat moyen est 4 sur 7
Statistiques - réponses
Par images Réponse % Correct
Cathédrale Saint-Paul/Collégiale Saint-Paul
100%
Collégiale Saint-Barthélemy
91%
Collégiale Saint-Jacques
64%
Collégiale Saint-Martin
64%
Collégiale Saint-Jean/Saint-Jean l'Évangéliste
50%
Collégiale Sainte-Denis
41%
Collégiale Sainte-Croix
36%
Aucun quiz correspondant
Distribution des résultats
% des personnes avec chaque résultat
Percentile par nombre de réponses
Votre historique - résultats
Vous n’avez pas pris ce quiz